000 00315nam a2200145Ia 4500
100 _aShanley/Tom
942 _cBK
654 _acomputer
245 _aProtected Mode Software Architecture
260 _bAddison Wesly
_aMumbai
_c1996
082 _a4.62
_bSHA
300 _a309
546 _aENGLISH
999 _c24849
_d24849